[Event "Worclaw Kurtyka Memorial"]
[Site "Wroclaw"]
[Date "2023.12.17"]
[Round "3"]
[White "Owczarek, Monika"]
[Black "Cyfka, Karina"]
[Result "0-1"]
[WhiteElo "1542"]
[BlackElo "2358"]
[PlyCount "68"]
[EventDate "2023.12.17"]
[EventType "swiss"]
[EventRounds "5"]
[EventCountry "POL"]
[SourceTitle "CB52_2023"]
[SourceDate "2023.12.27"]
[SourceVersion "1"]
[SourceVersionDate "2023.12.27"]
[SourceQuality "1"]

1. c4 e5 2. Nc3 Bb4 3. Qc2 Nf6 4. d3 0-0 5. Bd2 c6 6. g3 d5 7. Bg2 Be6 8. cxd5 cxd5 9. Nf3 Nc6 10. 0-0 Rc8 11. Qd1 h6 12. a3 Be7 13. b4 e4 14. dxe4 dxe4 15. Ne1 Nd4 16. Nxe4 Nb3 17. Nd3 Nxa1 18. Qxa1 Nxe4 19. Bxe4 Bf6 20. Qb1 Bd5 21. Bxd5 Qxd5 22. Be3 b6 23. Nf4 Qb5 24. Rd1 Rfd8 25. Rxd8+ Rxd8 26. Qc2 Qd7 27. Nd3 Rc8 28. Qb3 Rc3 29. Qa2 Qc6 30. h4 Rc2 31. Qb3 Rxe2 32. Qd1 Ra2 33. Qb3 Ra1+ 34. Kh2 Qh1# 0-1

[Event "Worclaw Kurtyka Memorial"]
[Site "Wroclaw"]
[Date "2023.12.17"]
[Round "1"]
[White "Smietanska, Wiktoria"]
[Black "Cyfka, Karina"]
[Result "1-0"]
[WhiteElo "1901"]
[BlackElo "2358"]
[PlyCount "107"]
[EventDate "2023.12.17"]
[EventType "swiss"]
[EventRounds "5"]
[EventCountry "POL"]
[SourceTitle "CB52_2023"]
[SourceDate "2023.12.27"]
[SourceVersion "1"]
[SourceVersionDate "2023.12.27"]
[SourceQuality "1"]

1. c4 e5 2. Nc3 Bb4 3. Nd5 Bc5 4. Nf3 c6 5. Nc3 Qe7 6. d4 exd4 7. Nxd4 d6 8. e3 Nf6 9. Be2 0-0 10. 0-0 Nbd7 11. Na4 Ne5 12. Nxc5 dxc5 13. Nf3 Bf5 14. Nxe5 Qxe5 15. Qb3 b6 16. Bf3 Be4 17. Bxe4 Nxe4 18. Qc2 Rad8 19. Rb1 Rd6 20. f3 Nf6 21. b3 Rfd8 22. e4 Nh5 23. Be3 f5 24. Rbd1 fxe4 25. Rxd6 Rxd6 26. fxe4 Nf6 27. Bf4 Qd4+ 28. Kh1 Re6 29. e5 Ne4 30. Qe2 Rg6 31. h3 h6 32. Kh2 Ng5 33. Qc2 Qe4 34. Qd2 Ne6 35. Bg3 Nd4 36. Qf2 Kh7 37. Re1 Qd3 38. Re3 Qb1 39. Re1 Qd3 40. Re3 Qc2 41. Qf7 Nf5 42. Rf3 Nh4 43. Rf2 Qe4 44. Qf4 Qxf4 45. Rxf4 Nxg2 46. Kxg2 Re6 47. Rf7 Kg6 48. Rxa7 Kf5 49. Rxg7 Ke4 50. Rd7 h5 51. Rd6 Re8 52. e6 Ra8 53. a4 Re8 54. Rxc6 1-0

[Event "CRO-chT (Women) 31st"]
[Site "Veli Losinj"]
[Date "2023.10.12"]
[Round "2.1"]
[White "Rozman, Monika"]
[Black "Cyfka, Karina"]
[Result "0-1"]
[WhiteElo "2120"]
[BlackElo "2350"]
[PlyCount "126"]
[EventDate "2023.10.11"]
[EventType "team-tourn"]
[EventRounds "9"]
[EventCountry "CRO"]
[SourceTitle "Mega2024 Update 01"]
[Source "Chessbase"]
[SourceDate "2023.11.12"]
[SourceVersion "1"]
[SourceVersionDate "2023.11.12"]
[SourceQuality "1"]
[WhiteTeam "Zagreb Caissa (W)"]
[BlackTeam "Strizivojna Amater (W)"]
[WhiteTeamCountry "CRO"]
[BlackTeamCountry "CRO"]

1. e4 e5 2. Nf3 Nc6 3. Bc4 Nf6 4. d3 Bc5 5. 0-0 0-0 6. a4 a5 7. Re1 h6 8. c3 d6 9. Nbd2 Ne7 10. h3 Ng6 11. d4 Ba7 12. Nf1 exd4 13. Nxd4 Nxe4 14. Rxe4 d5 15. Qh5 dxc4 16. Be3 c6 17. Ng3 Qd5 18. Ndf5 Bxf5 19. Qxf5 Bxe3 20. Rxe3 Rfe8 21. Qxd5 cxd5 22. Nf5 Re6 23. Rd1 Rd8 24. g3 Kf8 25. Kf1 Ne5 26. Nd4 Ree8 27. Re2 Nd3 28. Red2 Nc5 29. Nb5 Re5 30. Na3 Nb3 31. Re2 Rxe2 32. Kxe2 Ke7 33. Nc2 Kd6 34. Ne3 Kc5 35. Nf5 d4 36. cxd4+ Nxd4+ 37. Kf1 Ne6 38. Rc1 Kb4 39. Ne3 Rc8 40. f4 Kb3 41. f5 Nd4 42. g4 Kxa4 43. Rd1 Nb5 44. Ra1+ Kb4 45. Nc2+ Kb3 46. Rxa5 Kxb2 47. Ne3 Na3 48. Ra7 Rc7 49. Kf2 Kb3 50. Nd5 Nb5 51. Ra1 Rc5 52. Ne3 c3 53. Rb1+ Ka2 54. Rb4 c2 55. Nxc2 Rxc2+ 56. Ke3 Rc5 57. Kf4 Nd6 58. Kg3 b5 59. Rd4 Nxf5+ 60. gxf5 Rxf5 61. Kg4 g6 62. Rd8 b4 63. Rh8 b3 0-1

[Event "POL-chT Ekstraliga"]
[Site "Lublin"]
[Date "2023.09.20"]
[Round "3.1"]
[White "Kiolbasa, Oliwia"]
[Black "Cyfka, Karina"]
[Result "1/2-1/2"]
[WhiteElo "2387"]
[BlackElo "2351"]
[PlyCount "48"]
[EventDate "2023.09.18"]
[EventType "team-tourn"]
[EventRounds "9"]
[EventCountry "POL"]
[SourceTitle "EXT 2024"]
[Source "ChessBase"]
[SourceDate "2023.10.10"]
[SourceVersion "1"]
[SourceVersionDate "2023.10.10"]
[SourceQuality "1"]
[WhiteTeam "Bydgoszcz Energia Gwiazda"]
[BlackTeam "Legnica Miedz"]
[WhiteTeamCountry "POL"]
[BlackTeamCountry "POL"]

1. e4 e5 2. d4 exd4 3. Nf3 Nc6 4. Nxd4 Nf6 5. Nxc6 bxc6 6. e5 Qe7 7. Qe2 Nd5 8. h4 Qe6 9. g3 d6 10. c4 Nb6 11. Bg2 dxe5 12. Nd2 Be7 13. b3 0-0 14. Bb2 f6 15. 0-0 a5 16. Rfd1 a4 17. Bc3 Rd8 18. Qe4 Bd7 19. Nf1 Be8 20. Kh2 axb3 21. axb3 Rxa1 22. Rxd8 Bxd8 23. Bxa1 Bd7 24. Ne3 Be7 1/2-1/2

[Event "EU-ch (Women) 23rd"]
[Site "Petrovac"]
[Date "2023.03.29"]
[Round "11"]
[White "Cyfka, Karina"]
[Black "Khotenashvili, Bela"]
[Result "1-0"]
[WhiteElo "2350"]
[BlackElo "2491"]
[PlyCount "103"]
[EventDate "2023.03.18"]
[EventType "swiss"]
[EventRounds "11"]
[EventCountry "MNE"]
[SourceTitle "CBM 213 Extra"]
[Source "ChessBase"]
[SourceDate "2023.05.31"]
[SourceVersion "1"]
[SourceVersionDate "2023.05.31"]
[SourceQuality "1"]

1. d4 Nf6 2. c4 c5 3. d5 g6 4. Nc3 Bg7 5. e4 d6 6. h3 0-0 7. Bd3 e6 8. Nf3 exd5 9. exd5 Re8+ 10. Be3 Bh6 11. 0-0 Bxe3 12. fxe3 Nbd7 13. Qd2 Qe7 14. e4 Kg7 15. Rf2 Ng8 16. Raf1 f6 17. Nb5 Nf8 18. Qf4 Rd8 19. e5 dxe5 20. Nxe5 a6 21. Nc3 Re8 22. Nf3 Qe3 23. Qxe3 Rxe3 24. Rd2 b6 25. Kf2 Re8 26. Rdd1 Bd7 27. a3 Rec8 28. Rfe1 Rab8 29. b3 h5 30. Ne4 b5 31. Rc1 bxc4 32. Bxc4 Rb6 33. a4 a5 34. Nc3 g5 35. Bb5 Bf5 36. Nd2 Rd6 37. Nc4 Rdd8 38. Nxa5 Rc7 39. Bc6 Re7 40. Nb7 Rb8 41. Nxc5 Ng6 42. Bb5 Ne5 43. d6 Ra7 44. Rcd1 Nh6 45. Nd5 Nhf7 46. Ne3 Kg6 47. Nxf5 Kxf5 48. d7 Nd8 49. Rd6 Ndf7 50. Rd2 h4 51. Red1 Rd8 52. Ke3 1-0

[Event "EU-ch (Women) 23rd"]
[Site "Petrovac"]
[Date "2023.03.25"]
[Round "7"]
[White "Cyfka, Karina"]
[Black "Dwilewicz, Katarzyna"]
[Result "1-0"]
[WhiteElo "2350"]
[BlackElo "2114"]
[PlyCount "83"]
[EventDate "2023.03.18"]
[EventType "swiss"]
[EventRounds "11"]
[EventCountry "MNE"]
[SourceTitle "CBM 213 Extra"]
[Source "ChessBase"]
[SourceDate "2023.05.31"]
[SourceVersion "1"]
[SourceVersionDate "2023.05.31"]
[SourceQuality "1"]

1. d4 Nf6 2. Nf3 e6 3. Bg5 c5 4. d5 exd5 5. e3 d6 6. Nc3 Be6 7. Bb5+ Nc6 8. Bxf6 Qxf6 9. Nxd5 Bxd5 10. Qxd5 Rc8 11. c3 Be7 12. 0-0 0-0 13. Rad1 Rfd8 14. Nd2 a6 15. Be2 Qe6 16. Bc4 Qxd5 17. Bxd5 Kf8 18. Ne4 Rc7 19. f4 Nb8 20. g4 Nd7 21. g5 Ke8 22. Rf3 Nf8 23. Ng3 g6 24. Ne4 Ne6 25. Rh3 Nf8 26. Rf1 Rdd7 27. f5 Bd8 28. fxg6 fxg6 29. Bf7+ Rxf7 30. Nxd6+ Kd7 31. Nxf7 Be7 32. Ne5+ Ke6 33. Ng4 Rd7 34. Rhf3 Rd8 35. Rf4 Rd5 36. h4 Nd7 37. Re4+ Kd6 38. Nf6 Bxf6 39. gxf6 Re5 40. Rd1+ Ke6 41. Rxd7 Rxe4 42. Re7+ 1-0

[Event "EU-ch (Women) 23rd"]
[Site "Petrovac"]
[Date "2023.03.23"]
[Round "6"]
[White "Chelushkina, Irina"]
[Black "Cyfka, Karina"]
[Result "1-0"]
[WhiteElo "2207"]
[BlackElo "2350"]
[PlyCount "95"]
[EventDate "2023.03.18"]
[EventType "swiss"]
[EventRounds "11"]
[EventCountry "MNE"]
[SourceTitle "CBM 213 Extra"]
[Source "ChessBase"]
[SourceDate "2023.05.31"]
[SourceVersion "1"]
[SourceVersionDate "2023.05.31"]
[SourceQuality "1"]

1. e4 e5 2. Nf3 Nc6 3. Bc4 Nf6 4. d3 h6 5. c3 d6 6. a4 g6 7. a5 a6 8. Qb3 Qe7 9. 0-0 Bg7 10. d4 0-0 11. Re1 Nh5 12. Be3 Kh8 13. Nbd2 Nd8 14. Qa3 Qe8 15. dxe5 dxe5 16. Qc5 c6 17. Qb4 Nf6 18. Bf1 Bg4 19. h3 Bxf3 20. Nxf3 Rg8 21. Rad1 Bf8 22. Bc5 Bg7 23. Bd6 Nd7 24. Qb3 Rc8 25. Bc4 Bf8 26. Qc2 Bxd6 27. Rxd6 Kg7 28. Qd2 Nf6 29. Nh2 h5 30. Nf3 Qe7 31. Rd3 c5 32. Ng5 Rf8 33. f4 Nc6 34. f5 Nxa5 35. Bxf7 Rxf7 36. Ne6+ Kh8 37. fxg6 Rg7 38. Qh6+ Kg8 39. Nxg7 Qxg7 40. Qg5 Qe7 41. Rf3 Kg7 42. Rf5 Nc6 43. Ref1 Rf8 44. g4 hxg4 45. h4 Nxe4 46. Qh5 Rh8 47. Rf7+ Kg8 48. Rf8+ 1-0

[Event "Titled Tuesday intern op 21st Mar Late"]
[Site "Chess.com INT"]
[Date "2023.03.21"]
[Round "4"]
[White "Dylag, Emilia"]
[Black "Cyfka, Karina"]
[Result "0-1"]
[WhiteElo "2052"]
[BlackElo "2350"]
[PlyCount "44"]
[EventDate "2023.03.21"]
[EventType "swiss (blitz)"]
[EventRounds "11"]
[EventCountry "USA"]
[SourceTitle "EXT 2024"]
[Source "ChessBase"]
[SourceDate "2023.10.10"]
[SourceVersion "1"]
[SourceVersionDate "2023.10.10"]
[SourceQuality "1"]

1. b3 e5 2. Bb2 Nc6 3. e3 Nf6 4. d4 exd4 5. exd4 d5 6. Nf3 Bd6 7. Be2 0-0 8. 0-0 Bf5 9. Nbd2 Ne7 10. Ne5 Ng6 11. c4 Nf4 12. c5 Bxe5 13. dxe5 Nd7 14. Bg4 Qg5 15. Bf3 Bd3 16. Re1 Nh3+ 17. Kh1 Nxf2+ 18. Kg1 Nxd1 19. Raxd1 Nxc5 20. Bxd5 Rad8 21. Nf3 Qg4 22. h3 Qg3 0-1

[Event "BL 2223 (Women)"]
[Site "Germany"]
[Date "2023.02.18"]
[Round "5.1"]
[White "Kosteniuk, Alexandra"]
[Black "Cyfka, Karina"]
[Result "1/2-1/2"]
[WhiteElo "2521"]
[BlackElo "2347"]
[PlyCount "69"]
[EventDate "2022.10.15"]
[EventType "team-tourn"]
[EventRounds "11"]
[EventCountry "GER"]
[SourceTitle "CBM 213 Extra"]
[Source "ChessBase"]
[SourceDate "2023.05.31"]
[SourceVersion "1"]
[SourceVersionDate "2023.05.31"]
[SourceQuality "1"]
[WhiteTeam "Baden-Baden (W)"]
[BlackTeam "Leipzig Weissblau (W)"]
[WhiteTeamCountry "GER"]
[BlackTeamCountry "GER"]

1. e4 e5 2. Nf3 Nc6 3. Bb5 a6 4. Ba4 Nf6 5. 0-0 Be7 6. d3 b5 7. Bb3 0-0 8. Nc3 d6 9. a3 h6 10. h3 Be6 11. Nd5 Qd7 12. Be3 Bd8 13. Nd2 Bxd5 14. exd5 Ne7 15. c4 Nf5 16. a4 Nxe3 17. fxe3 bxc4 18. dxc4 c6 19. a5 Qb7 20. Qe2 Rc8 21. dxc6 Qxc6 22. Bc2 d5 23. Bb3 d4 24. exd4 exd4 25. Qd3 Qc5 26. Rf5 Qd6 27. Nf3 Rb8 28. Ne5 Qe6 29. Raf1 g6 30. Nxg6 fxg6 31. Rb5 axb5 32. Qxg6+ Kh8 33. Qxh6+ Kg8 34. Qg6+ Kh8 35. Qh6+ 1/2-1/2

[Event "EU-ch Blitz"]
[Site "Katowice"]
[Date "2022.12.16"]
[Round "17"]
[White "Sliwicka, Alicja"]
[Black "Cyfka, Karina"]
[Result "1-0"]
[WhiteElo "2284"]
[BlackElo "2348"]
[PlyCount "61"]
[EventDate "2022.12.16"]
[EventType "swiss (blitz)"]
[EventRounds "22"]
[EventCountry "POL"]
[SourceTitle "CBM 211 Extra"]
[Source "ChessBase"]
[SourceDate "2023.01.31"]
[SourceVersion "1"]
[SourceVersionDate "2023.01.31"]
[SourceQuality "1"]

1. e4 e5 2. Nf3 Nc6 3. Bb5 a6 4. Ba4 Nf6 5. d3 b5 6. Bb3 Be7 7. a4 b4 8. Nbd2 0-0 9. Nc4 d6 10. a5 Bg4 11. Be3 d5 12. exd5 Nxd5 13. 0-0 Bf6 14. h3 Bh5 15. Ba4 Nd4 16. g4 Bg6 17. Nxd4 exd4 18. Bd2 c5 19. Qf3 Nc7 20. Qg2 h6 21. f4 Bh7 22. Rae1 Rb8 23. g5 hxg5 24. fxg5 Be7 25. Bf4 Bg6 26. Ne5 Ne6 27. Nxg6 fxg6 28. Bb3 Kh8 29. Bxe6 Bd6 30. Qg4 Rxf4 31. Rxf4 1-0

[Event "BL 2223 (Women)"]
[Site "Germany"]
[Date "2022.11.13"]
[Round "4.1"]
[White "Cyfka, Karina"]
[Black "Schulze, Lara"]
[Result "1/2-1/2"]
[WhiteElo "2347"]
[BlackElo "2266"]
[PlyCount "37"]
[EventDate "2022.10.15"]
[EventType "team-tourn"]
[EventRounds "11"]
[EventCountry "GER"]
[SourceTitle "EXT 2024"]
[Source "ChessBase"]
[SourceDate "2023.10.10"]
[SourceVersion "1"]
[SourceVersionDate "2023.10.10"]
[SourceQuality "1"]
[WhiteTeam "Leipzig Weissblau (W)"]
[BlackTeam "Hemer (W)"]
[WhiteTeamCountry "GER"]
[BlackTeamCountry "GER"]

1. d4 d5 2. Nf3 Nf6 3. Bf4 e6 4. Nbd2 Bd6 5. e3 0-0 6. Bd3 c5 7. dxc5 Bxf4 8. exf4 Qc7 9. g3 a5 10. a4 Nbd7 11. Nb3 Nxc5 12. Nxc5 Qxc5 13. 0-0 b6 14. Qe2 d4 15. Qe5 Rd8 16. Qxc5 bxc5 17. Nd2 Bb7 18. Rfe1 g6 19. Nc4 1/2-1/2

[Event "Wroclaw Radzikowska POL-ROW playoff"]
[Site "Wroclaw"]
[Date "2022.11.11"]
[Round "1.1"]
[White "Mkrtchian, Lilit"]
[Black "Cyfka, Karina"]
[Result "1/2-1/2"]
[WhiteElo "2380"]
[BlackElo "2339"]
[PlyCount "84"]
[EventDate "2022.11.11"]
[EventType "team-match (blitz)"]
[EventRounds "1"]
[EventCountry "POL"]
[SourceTitle "CBM 211 Extra"]
[Source "ChessBase"]
[SourceDate "2023.01.31"]
[SourceVersion "1"]
[SourceVersionDate "2023.01.31"]
[SourceQuality "1"]
[WhiteTeam "Rest of the World"]
[BlackTeam "Poland"]
[BlackTeamCountry "POL"]

1. Nf3 Nf6 2. g3 d5 3. Bg2 Nbd7 4. d4 Nb6 5. 0-0 Bf5 6. Nbd2 h6 7. c4 e6 8. b3 Be7 9. Bb2 0-0 10. Re1 a5 11. a3 Bh7 12. Ne5 c5 13. e3 Nfd7 14. Nxd7 Qxd7 15. dxc5 Bxc5 16. Qg4 Bg6 17. cxd5 Nxd5 18. Nc4 h5 19. Qe2 f6 20. Rad1 Qf7 21. e4 Nb6 22. Nd6 Qe7 23. Nb5 h4 24. Bd4 hxg3 25. hxg3 Rac8 26. Qe3 Nd7 27. Bh3 b6 28. Bxc5 Nxc5 29. f3 Bf7 30. Nd6 Rcd8 31. Nxf7 Qxf7 32. b4 axb4 33. axb4 Nd7 34. Rd6 Ne5 35. Bxe6 Rxd6 36. Bxf7+ Rxf7 37. f4 Rd3 38. fxe5 Rxe3 39. Rxe3 fxe5 40. Rd3 Rc7 41. Rd6 Rc4 42. Rxb6 Rxe4 1/2-1/2

[Event "Wroclaw Radzikowska POL-ROW"]
[Site "Wroclaw"]
[Date "2022.11.10"]
[Round "4.1"]
[White "Buksa, Nataliya"]
[Black "Cyfka, Karina"]
[Result "0-1"]
[WhiteElo "2418"]
[BlackElo "2339"]
[PlyCount "80"]
[EventDate "2022.11.07"]
[EventType "team-schev"]
[EventRounds "5"]
[EventCountry "POL"]
[SourceTitle "CBM 211 Extra"]
[Source "ChessBase"]
[SourceDate "2023.01.31"]
[SourceVersion "1"]
[SourceVersionDate "2023.01.31"]
[SourceQuality "1"]
[WhiteTeam "Rest of the World"]
[BlackTeam "Poland"]
[BlackTeamCountry "POL"]

1. e4 e5 2. Nf3 Nc6 3. Bc4 Nf6 4. d3 Be7 5. 0-0 0-0 6. Re1 d6 7. a4 Kh8 8. a5 a6 9. Nc3 Ng8 10. Nd5 f5 11. h3 fxe4 12. dxe4 Be6 13. c3 Bf7 14. Nh2 Bh4 15. Be3 Bg6 16. Qg4 Nh6 17. Bxh6 Bxf2+ 18. Kh1 Bxe1 19. Bg5 h5 20. Bxd8 hxg4 21. Bxc7 Bg3 22. Nxg4 Bxe4 23. Nb6 Rae8 24. Bxd6 Rf4 25. Bc5 Rd8 26. Be3 Rff8 27. b4 Bd3 28. Bd5 Rf1+ 29. Rxf1 Bxf1 30. Nf2 e4 31. Nxe4 Bc7 32. c4 Nxb4 33. Bg5 Re8 34. Bd2 Nxd5 35. Nxd5 Rxe4 36. Nxc7 Bxg2+ 37. Kh2 Rxc4 38. Na8 Rc2 39. Bf4 b5 40. Nc7 b4 0-1

[Event "Wroclaw Radzikowska POL-ROW"]
[Site "Wroclaw"]
[Date "2022.11.08"]
[Round "2.1"]
[White "Salimova, Nurgyul"]
[Black "Cyfka, Karina"]
[Result "1/2-1/2"]
[WhiteElo "2379"]
[BlackElo "2339"]
[PlyCount "82"]
[EventDate "2022.11.07"]
[EventType "team-schev"]
[EventRounds "5"]
[EventCountry "POL"]
[SourceTitle "CBM 211 Extra"]
[Source "ChessBase"]
[SourceDate "2023.01.31"]
[SourceVersion "1"]
[SourceVersionDate "2023.01.31"]
[SourceQuality "1"]
[WhiteTeam "Rest of the World"]
[BlackTeam "Poland"]
[BlackTeamCountry "POL"]

1. d4 Nf6 2. Nf3 e6 3. Bg5 h6 4. Bh4 c5 5. e3 d5 6. Nbd2 Nc6 7. c3 Bd6 8. Bd3 0-0 9. 0-0 e5 10. e4 Be6 11. Bxf6 Qxf6 12. exd5 Bxd5 13. Be4 Bxe4 14. Nxe4 Qe7 15. Nxd6 Qxd6 16. dxe5 Qe6 17. Re1 Rad8 18. Qa4 Rd5 19. Qf4 Re8 20. c4 Rd7 21. b3 Nb4 22. Re2 b6 23. h3 Red8 24. Qe4 Nc6 25. Rf1 Rd3 26. Rfe1 Nb4 27. Kh2 a5 28. g4 g6 29. Qf4 Kh7 30. a3 Nc6 31. Re3 Rxe3 32. Rxe3 a4 33. bxa4 Na5 34. Rc3 Nc6 35. Qe4 Kg7 36. Kg2 Nd4 37. Nh4 Nc6 38. Nf3 Nd4 39. Qf4 Ne2 40. Qf6+ Qxf6 41. exf6+ Kxf6 1/2-1/2

[Event "Wroclaw Litwinska Memorial op 2nd"]
[Site "Wroclaw"]
[Date "2022.11.05"]
[Round "2"]
[White "Batsiashvili, Nino"]
[Black "Cyfka, Karina"]
[Result "1-0"]
[WhiteElo "2467"]
[BlackElo "2339"]
[PlyCount "103"]
[EventDate "2022.11.05"]
[EventType "swiss (rapid)"]
[EventRounds "7"]
[EventCountry "POL"]
[SourceTitle "EXT 2024"]
[Source "ChessBase"]
[SourceDate "2023.10.10"]
[SourceVersion "1"]
[SourceVersionDate "2023.10.10"]
[SourceQuality "1"]

1. d4 Nf6 2. Nf3 e6 3. Bf4 d5 4. e3 Bd6 5. Nbd2 0-0 6. Bd3 c5 7. dxc5 Bxf4 8. exf4 Qc7 9. g3 Qxc5 10. 0-0 b6 11. Qe2 a5 12. Nb3 Qc7 13. Nbd4 Ba6 14. Rac1 Qb7 15. a3 a4 16. f5 exf5 17. Nxf5 g6 18. Qe3 Nbd7 19. Qh6 Nh5 20. Ne7+ Kh8 21. Bxg6 fxg6 22. Nxg6+ Kg8 23. Nxf8 Ndf6 24. Ne6 Bxf1 25. Rxf1 Re8 26. Nfd4 Qf7 27. Qg5+ Kh8 28. Qf5 Qg6 29. Qxg6 hxg6 30. f3 Nd7 31. Kf2 Nhf6 32. b3 Ra8 33. Nb5 Ra5 34. Ned4 Ra8 35. Re1 axb3 36. cxb3 Rc8 37. a4 Nc5 38. Re3 Ncd7 39. Rc3 Rf8 40. Ke2 Re8+ 41. Kd2 Nc5 42. Re3 Rxe3 43. Kxe3 Kg7 44. Nc3 Na6 45. h4 Kf7 46. g4 Ke7 47. g5 Nd7 48. Nxd5+ Kd6 49. Nf4 Ne5 50. h5 gxh5 51. Nxh5 Nb4 52. Nf4 1-0

[Event "Wroclaw Litwinska Memorial op 2nd"]
[Site "Wroclaw"]
[Date "2022.11.05"]
[Round "5"]
[White "Cyfka, Karina"]
[Black "Antolak, Julia"]
[Result "1/2-1/2"]
[WhiteElo "2339"]
[BlackElo "2278"]
[PlyCount "34"]
[EventDate "2022.11.05"]
[EventType "swiss (rapid)"]
[EventRounds "7"]
[EventCountry "POL"]
[SourceTitle "EXT 2024"]
[Source "ChessBase"]
[SourceDate "2023.10.10"]
[SourceVersion "1"]
[SourceVersionDate "2023.10.10"]
[SourceQuality "1"]

1. e4 c6 2. Nc3 d5 3. Nf3 Bg4 4. h3 Bxf3 5. Qxf3 e6 6. d3 g6 7. g3 Bg7 8. Bg2 Ne7 9. 0-0 0-0 10. h4 Nd7 11. h5 Qb6 12. h6 Bh8 13. Qe2 Rae8 14. Nd1 e5 15. exd5 Nxd5 16. Ne3 Nxe3 17. Bxe3 Qc7 1/2-1/2

[Event "Wroclaw Litwinska Memorial op 2nd"]
[Site "Wroclaw"]
[Date "2022.11.05"]
[Round "6"]
[White "Mirowska, Oliwia"]
[Black "Cyfka, Karina"]
[Result "0-1"]
[WhiteElo "1976"]
[BlackElo "2339"]
[PlyCount "52"]
[EventDate "2022.11.05"]
[EventType "swiss (rapid)"]
[EventRounds "7"]
[EventCountry "POL"]
[SourceTitle "EXT 2024"]
[Source "ChessBase"]
[SourceDate "2023.10.10"]
[SourceVersion "1"]
[SourceVersionDate "2023.10.10"]
[SourceQuality "1"]

1. f4 Nh6 2. e4 d5 3. e5 c5 4. Nf3 Nc6 5. c3 d4 6. d3 g6 7. Na3 Bg7 8. Nc2 0-0 9. Bd2 f6 10. Qe2 fxe5 11. fxe5 Bg4 12. h3 Bxf3 13. gxf3 Nxe5 14. f4 Nc6 15. c4 e5 16. 0-0-0 exf4 17. Bg2 Ne5 18. Rhf1 Qh4 19. Qe4 Rae8 20. Kb1 g5 21. Ne1 Nf5 22. Qd5+ Kh8 23. Qxc5 Ne3 24. Bxe3 dxe3 25. Rc1 e2 26. Rf2 b6 0-1

[Event "Wroclaw Litwinska Memorial op 2nd"]
[Site "Wroclaw"]
[Date "2022.11.05"]
[Round "4"]
[White "Starosta, Martyna"]
[Black "Cyfka, Karina"]
[Result "1/2-1/2"]
[WhiteElo "1991"]
[BlackElo "2339"]
[PlyCount "72"]
[EventDate "2022.11.05"]
[EventType "swiss (rapid)"]
[EventRounds "7"]
[EventCountry "POL"]
[SourceTitle "EXT 2024"]
[Source "ChessBase"]
[SourceDate "2023.10.10"]
[SourceVersion "1"]
[SourceVersionDate "2023.10.10"]
[SourceQuality "1"]

1. e4 e5 2. Nf3 Nc6 3. Bb5 a6 4. Ba4 Nf6 5. 0-0 b5 6. Bb3 Bb7 7. d3 Be7 8. Nc3 0-0 9. a3 d6 10. Nd5 Na5 11. Ba2 c5 12. b4 Nc6 13. Rb1 Nxd5 14. Bxd5 Qc7 15. bxc5 dxc5 16. c4 b4 17. axb4 cxb4 18. Bb2 Bf6 19. Qa4 a5 20. Qb5 Rfb8 21. Bxc6 Bxc6 22. Bxe5 Rxb5 23. Bxc7 Rb7 24. Bd6 Bc3 25. Be5 Bxe5 26. Nxe5 Be8 27. c5 Bb5 28. Rfc1 Rd8 29. c6 Rb6 30. Rc5 f6 31. c7 Rc8 32. Rd5 Re6 33. Rxb5 Rxe5 34. Rb8 Ree8 35. Rb5 Rxc7 36. Rxa5 Rd8 1/2-1/2